[Event "Klatovy op-A"]
[Site "Klatovy"]
[Date "1997.??.??"]
[Round "?"]
[White "Dolezal, Radoslav Jr"]
[Black "Roj, Miroslav"]
[Result "1-0"]
[WhiteElo "2310"]
[BlackElo "2205"]

1.e4 c5 2.c3 Nf6 3.e5 Nd5 4.d4 cxd4 5.Nf3 e6 6.cxd4 b6 7.Bc4 Ba6 8.Bxd5 exd5
9.Nc3 Bb4 10.Bd2 Bxc3 11.Bxc3 O-O 12.Qd2 Nc6 13.O-O-O b5 14.Bb4 Nxb4 15.Qxb4 Rc8+
16.Kb1 Rc4 17.Qd6 Bb7 18.Rc1 Re8 19.b3 Re6 20.Qa3 Ra6 21.Qb2 Rcc6 22.Rxc6 Rxc6
23.Rc1 b4 24.Rxc6 Bxc6 25.Qd2 Qb6 26.Ne1 a5 27.Nc2 Bb5 28.Kb2 Qg6 29.Ne3 Qe4
30.a3 bxa3+ 31.Kxa3 f5 32.exf6 gxf6 33.Qxa5 Bc6 34.Qd2 Qb1 35.Kb4 Qa1 36.Nc2 Qf1
37.Qe3 Kf7 38.Qf3 Qb5+ 39.Kc3 Qa5+ 40.Kb2 d6 41.Qf4 Bd7 42.g4 Qb6 43.Qh6 Bxg4
44.Qxh7+ Kf8 45.Qg6 f5 46.f3  1-0

[Event "Klatovy op-A"]
[Site "Klatovy"]
[Date "1997.??.??"]
[Round "?"]
[White "Dolezal, Radoslav Jr"]
[Black "Folk, Petr"]
[Result "1/2-1/2"]
[WhiteElo "2310"]
[BlackElo "2225"]

1.e4 c5 2.c3 Nf6 3.e5 Nd5 4.d4 cxd4 5.Nf3 Nc6 6.cxd4 d6 7.Bc4 Nb6 8.Bb3 dxe5
9.Nxe5 Nxe5 10.dxe5 Qxd1+ 11.Bxd1 e6 12.Nd2 Be7 13.f4 Nd5 14.Ne4 Bd7 15.a3 Bc6
16.Bf3 O-O 17.Bd2 Rfd8 18.Rc1 Rac8 19.Ke2 h6 20.Rhd1 Kf8  1/2-1/2

[Event "Koge op"]
[Site "Koge"]
[Date "1997.??.??"]
[Round "9"]
[White "Jorgensen, Stig E"]
[Black "Bekker Jensen, David"]
[Result "0-1"]
[WhiteElo "2020"]
[BlackElo "2140"]

1.e4 c5 2.c3 Nf6 3.e5 Nd5 4.d4 cxd4 5.Nf3 Nc6 6.cxd4 d6 7.Bc4 Nb6 8.Bb3 dxe5
9.Nxe5 e6 10.Nxc6 bxc6 11.O-O Be7 12.Nc3 O-O 13.Be3 Ba6 14.Re1 Nc4 15.Qc2 Nxe3
16.fxe3 c5 17.d5 c4 18.Ba4 exd5 19.Bc6 Rb8 20.Rad1 Bc5 21.Bxd5 Qb6 22.Re2 Bxe3+
23.Kh1 Qh6 24.Qe4 Bc1 25.Rf1 Bxb2 26.Rxb2 Rxb2 27.Rxf7 Rbb8 28.Rxf8+ Kxf8
29.h3 Re8 30.Qb1 Qd6 31.Qg1 Re7 32.Qf2+ Qf6 33.Qg3 Qe5 34.Qf2+ Qf6 35.Qc5 Qxc3
36.Qd6 Qa1+ 37.Kh2 Qe5+  0-1

[Event "RUS-ch U20"]
[Site "Kolontaevo"]
[Date "1997.??.??"]
[Round "?"]
[White "Zakharov, Alexander S"]
[Black "Rychagov, Andrei"]
[Result "0-1"]
[WhiteElo "2330"]
[BlackElo "2455"]

1.e4 c5 2.c3 Nf6 3.e5 Nd5 4.d4 cxd4 5.Nf3 Nc6 6.Bc4 Nb6 7.Bb3 g6 8.a4 d5
9.exd6 Qxd6 10.a5 Nd7 11.cxd4 Bg7 12.Be3 O-O 13.Nc3 Nf6 14.h3 Nb4 15.O-O Nbd5
16.Bg5 Nxc3 17.bxc3 Ne4 18.Qe2 Nxg5 19.Nxg5 Bd7 20.Rfe1 e6 21.Nf3 Rac8 22.Qd3 Rfd8
23.Ne5 Be8 24.f4 Qc7 25.Re3 Rd6 26.g3 Ra6 27.Qe4 Rxa5 28.Rxa5 Qxa5 29.Qb1 Rxc3
30.Rxc3 Qxc3  0-1

[Event "RUS-ch (Women) sf"]
[Site "Kolontaevo"]
[Date "1997.??.??"]
[Round "?"]
[White "Guskova, Elena"]
[Black "Roschina, Tatiana"]
[Result "0-1"]
[WhiteElo "2185"]
[BlackElo "2245"]

1.e4 c5 2.c3 Nf6 3.e5 Nd5 4.d4 cxd4 5.cxd4 d6 6.Nf3 Nc6 7.Bc4 Nb6 8.Bb5 dxe5
9.Nxe5 Bd7 10.Bxc6 Bxc6 11.Nxc6 bxc6 12.O-O g6 13.Re1 Bg7 14.Bg5 O-O 15.Bxe7 Qxd4
16.Nc3 Rfe8 17.Qf3 Nc4 18.Qxc6 Ne5 19.Qd5 Nd3 20.Qxd4 Bxd4 21.Red1 Bxf2+
22.Kf1 Nxb2 23.Rd7 Rec8 24.Kxf2 Rxc3 25.Bf6 Rc2+ 26.Kg3 Re8 27.Re1 Rf8 28.Rxa7 h6
29.Re3 g5 30.h4 Kh7 31.h5 Nc4 32.Rc3 Rxc3+ 33.Bxc3 Kg8 34.Bf6 Nd6 35.Kg4 Rc8
36.Rd7 Ne8 37.Rd8 Rc4+ 38.Kf3 Rf4+ 39.Ke3 Rxf6 40.Rxe8+ Kg7 41.Ra8 Rd6 42.a4 Kf6
43.a5 Kf5 44.Rb8 Kg4 45.Rb6 Rd5 46.Rxh6 Rxa5 47.Rh8 Ra2 48.h6 Rxg2 49.h7 Rh2
50.Ke4 f5+ 51.Ke5 Rh6 52.Kd4 Kf4 53.Kd3 Rh2 54.Kd4 g4 55.Kd5 Rh6 56.Kd4 g3
57.Kd3 Rh2 58.Kd4 g2 59.Rg8 Kf3  0-1

[Event "RUS-ch U20"]
[Site "Kolontaevo"]
[Date "1997.??.??"]
[Round "?"]
[White "Turov, Maxim"]
[Black "Rychagov, Andrei"]
[Result "1-0"]
[WhiteElo "2425"]
[BlackElo "2455"]

1.e4 c5 2.c3 Nf6 3.d3 Nc6 4.Nf3 g6 5.g3 Bg7 6.Bg2 O-O 7.O-O d5 8.Nbd2 d4
9.cxd4 cxd4 10.a4 Nd7 11.Nc4 Nc5 12.b3 Nb4 13.Ne1 Be6 14.Ba3 a5 15.Rb1 Rb8
16.Qd2 Nca6 17.f4 b5 18.axb5 Rxb5 19.h3 f5 20.Nf3 fxe4 21.dxe4 Nc5 22.Nce5 Nxe4
23.Qe1 Nc3 24.Rb2 Qb6 25.Kh2 Bf5 26.Qf2 d3 27.Nd4 Rxe5 28.Bxb4 axb4 29.fxe5 Be4
30.Nf3 Qxf2 31.Rbxf2 Bh6 32.Nd2 Bxg2 33.Rxf8+ Bxf8 34.Kxg2 Bh6 35.Nc4 d2
36.Nb2 e6 37.Nd1 Kg7 38.g4 Bg5 39.Kf3 h5 40.gxh5 gxh5 41.Rg1 Kf7 42.Nb2 Bh6
43.h4 Bf8 44.Rf1 Bc5 45.Nd1 Bd4 46.Nxc3 bxc3 47.Ke2+ Ke7 48.Rf6 Bxe5 49.Rh6 Bf4
50.Rh7+ Kd6 51.Kd1 Kd5 52.Rxh5+ Ke4 53.Rh8 Be5 54.Rd8 Bd4 55.Ke2 Bf6 56.Rc8  1-0

[Event "RUS-chJM op"]
[Site "Kolontaevo"]
[Date "1997.??.??"]
[Round "?"]
[White "Turov, Maxim"]
[Black "Zaitsev, Mikhail"]
[Result "0-1"]
[WhiteElo "2425"]
[BlackElo "2255"]

1.e4 c5 2.c3 Nf6 3.e5 Nd5 4.Nf3 e6 5.Bc4 Nc6 6.O-O d6 7.d4 cxd4 8.cxd4 Nb6
9.Bb5 a6 10.Bxc6+ bxc6 11.Bg5 f6 12.Bh4 Be7 13.exd6 Bxd6 14.Qc2 Bd7 15.Nc3 O-O
16.Ne4 Be7 17.Nc5 Nd5 18.Rac1 Bxc5 19.Qxc5 Rb8 20.b3 Nb4 21.Qc4 a5 22.Bg3 Rb5
23.a3 Nd5 24.Nd2 Be8 25.Rfe1 Qd7 26.Ne4 Bf7 27.Nc5 Qc8 28.Qd3 Re8 29.Qf3 Bg6
30.Re2 Bf5 31.h3 Rd8 32.Bh2 Re8 33.g4 Bg6 34.Qg3 h6 35.h4 e5 36.dxe5 fxe5
37.Rxe5 Rxe5 38.Qxe5 Qxg4+ 39.Bg3 Rxc5 40.Rxc5 Be4 41.Qd4 Qf3 42.Kf1 Qh1+
43.Ke2 Bf3+  0-1

[Event "RUS-chJM op"]
[Site "Kolontaevo"]
[Date "1997.??.??"]
[Round "?"]
[White "Erenburg, Sergey"]
[Black "Zaitsev, Mikhail"]
[Result "1-0"]
[WhiteElo "2265"]
[BlackElo "2255"]

1.e4 c5 2.c3 Nf6 3.e5 Nd5 4.d4 cxd4 5.Nf3 e6 6.cxd4 d6 7.a3 Nc6 8.Bd3 dxe5
9.dxe5 Be7 10.O-O g5 11.Re1 g4 12.Nfd2 Nf4 13.Bb5 Qd5 14.Qxg4 Qxb5 15.Qxf4 Bd7
16.Nc3 Qd3 17.Nde4 O-O-O 18.Be3 Kb8 19.Rac1 Bc8 20.Red1 Qc4 21.Rxd8 Rxd8
22.Qxf7 Qb3 23.Rb1 Bxa3 24.Qf3 Be7 25.Qe2 a6 26.f4 Qb4 27.Rd1 Nd4 28.Qf2 Nb3
29.Rxd8 Bxd8 30.Nd6 Bd7 31.Nce4 Bc6 32.Nc5 Nxc5 33.Bxc5 Qb3 34.Qd2 Ba5 35.Qxa5 Qd1+
36.Kf2 Qc2+ 37.Ke3 Qc1+ 38.Kd3 Qb1+ 39.Ke2 Qc2+ 40.Qd2 Qxc5  1-0

[Event "Cassovia op"]
[Site "Kosice"]
[Date "1997.??.??"]
[Round "?"]
[White "Okhotnik, Vladimir"]
[Black "Manik, Mikulas"]
[Result "0-1"]
[WhiteElo "2410"]
[BlackElo "2465"]

1.e4 c5 2.c3 Nf6 3.e5 Nd5 4.d4 cxd4 5.cxd4 Nc6 6.Bc4 Nb6 7.Bb3 g6 8.h4 h5
9.Nf3 d5 10.Ng5 f6 11.Bc2 fxg5 12.hxg5 e6 13.Bxg6+ Kd7 14.Bxh5 Kc7 15.Nc3 Bd7
16.g4 Rc8 17.b3 Kb8 18.Ne2 Nb4 19.O-O Bb5 20.Bg6 Bxe2 21.Qxe2 Rxc1 22.Raxc1 Qxg5
23.Be8 Nxa2 24.Rc2 Nb4 25.Rc3 Be7 26.f4 Qg8 27.Ba4 Nxa4 28.bxa4 Nc6 29.Rd1 Rh4
30.Rg3 Nxd4 31.Rxd4 Bc5 32.Qd3 Qh8 33.Kf2 Rh2+ 34.Ke3 Qh4 35.Kf3 Ra2 36.Qb1 Qh2
37.Qxa2 Qxa2 38.g5 Bxd4 39.g6 Qf2+ 40.Kg4 Qh2 41.g7 Qh7 42.Kf3 Qg8  0-1

[Event "Cassovia op"]
[Site "Kosice"]
[Date "1997.??.??"]
[Round "?"]
[White "Dovzik, Juri"]
[Black "Zambor, Norbert"]
[Result "1-0"]
[WhiteElo "2405"]
[BlackElo "2240"]

1.e4 c5 2.c3 Nf6 3.e5 Nd5 4.d4 cxd4 5.Nf3 Nc6 6.Bc4 Nb6 7.Bb3 g6 8.cxd4 Bg7
9.Bf4 d5 10.exd6 exd6 11.O-O O-O 12.h3 d5 13.Nc3 a6 14.Ne5 Na5 15.Bc2 Be6
16.b3 Rc8 17.Ne2 Nc6 18.Nf3 Re8 19.Qd2 Qe7 20.Rfe1 Qb4 21.Qd1 Qa3 22.Bc1 Qd6
23.a3 Nd7 24.Bf4 Qf8 25.Qd2 Na7 26.Bd3 Rc6 27.Ne5 Rcc8 28.b4 Nb6 29.Nc3 Nc6
30.Ne2 Na7 31.Rac1 Rxc1 32.Rxc1 Rc8 33.Rc5 Na4 34.Rxc8 Qxc8 35.Bh6 Nc3 36.Bxg7 Nxe2+
37.Bxe2 Kxg7 38.Qe3 Qd8 39.Nd3 Nc6 40.Nc5 Qf6 41.Nxb7 Nxd4 42.Bxa6 Nc2 43.Qc1 Bf5
44.Nc5 Qc3 45.g4 Qxh3 46.gxf5 Qg4+ 47.Kf1 Qh3+ 48.Ke2 Nd4+ 49.Ke1 Qh1+ 50.Bf1 Nf3+
51.Ke2 Nd4+ 52.Kd3 Nxf5  1-0

[Event "Cassovia op"]
[Site "Kosice"]
[Date "1997.??.??"]
[Round "?"]
[White "Okhotnik, Vladimir"]
[Black "Revuckij, Vladimir"]
[Result "1-0"]
[WhiteElo "2410"]
[BlackElo "2240"]

1.e4 c5 2.c3 Nf6 3.e5 Nd5 4.d4 cxd4 5.Bc4 e6 6.Bxd5 exd5 7.Qxd4 Qa5 8.Bf4 Nc6
9.Qd2 Be7 10.Nf3 O-O 11.O-O Rd8 12.b4 Qb5 13.a4 Qc4 14.Na3 Qb3 15.Nb5 d6
16.exd6 Bf6 17.Ra3 Qc4 18.Nc7 Be6 19.Nxa8 Rxa8 20.Re1 Rc8 21.Bg5 Bd8 22.Qf4 Qd3
23.Re3 Qc2 24.d7 Ra8 25.Nd4  1-0

[Event "MK Cafe Cup-B"]
[Site "Koszalin"]
[Date "1997.??.??"]
[Round "4"]
[White "Lercel, Michal"]
[Black "Izbinski, Bartlomiej"]
[Result "0-1"]
[WhiteElo "2060"]
[BlackElo "2200"]

1.e4 c5 2.c3 Nf6 3.e5 Nd5 4.g3 Nc6 5.Bg2 e6 6.Qe2 Be7 7.f4 b6 8.Nf3 Bb7 9.O-O h5
10.d3 Qc7 11.Na3 a6 12.Nc4 O-O-O 13.Ng5 Rdf8 14.Ne4 Kb8 15.a4 f6 16.Ned6 Ba8
17.Bd2 h4 18.Be1 g5 19.Bf2 hxg3 20.hxg3 gxf4 21.a5 b5 22.Bxc5 Nxe5 23.Bb6 Nxb6
24.axb6 Qc5+ 25.d4 Bxd6 26.Rxa6 Bxg2 27.dxc5 Bb7 28.Nxd6 Rh1+ 29.Kf2 Rh2+
30.Ke1 Rxe2+ 31.Kxe2 Bxa6 32.Ra1 f3+ 33.Kf1 Ng4 34.Ke1 Rh8 35.Kd2 Rh2+ 36.Kd3 Ne5+
37.Ke3 Re2+ 38.Kf4 f2  0-1

[Event "RUS-Cup6"]
[Site "Krasnodar"]
[Date "1997.??.??"]
[Round "4"]
[White "Daniliuk, Sergey"]
[Black "Poluljahov, Aleksandr"]
[Result "1/2-1/2"]
[WhiteElo "2410"]
[BlackElo "2510"]

1.e4 c5 2.c3 Nf6 3.e5 Nd5 4.Nf3 Nc6 5.Bc4 Nb6 6.Be2 g6 7.d4 cxd4 8.cxd4 Bg7
9.Bf4 d6 10.exd6 exd6 11.O-O Nd5 12.Bg3 O-O 13.Nc3 Nde7 14.d5 Nb4 15.Qb3 Na6
16.Ne4 Nf5 17.Rae1 Nxg3 18.hxg3 Re8 19.Bb5 Rxe4 20.Rxe4 Nc5 21.Rfe1 Bd7 22.Qc4 Nxe4
23.Rxe4 a6 24.Bxd7 Qxd7 25.b3 h6 26.Qd3 Rc8  1/2-1/2

[Event "RUS-Cup6"]
[Site "Krasnodar"]
[Date "1997.??.??"]
[Round "7"]
[White "Turov, Maxim"]
[Black "Ananchenko, Igori"]
[Result "1-0"]
[WhiteElo "2425"]
[BlackElo "2290"]

1.e4 c5 2.c3 Nf6 3.e5 Nd5 4.Nf3 Nc6 5.Bc4 Nb6 6.Bb3 g6 7.O-O Bg7 8.Qe2 O-O
9.d4 cxd4 10.cxd4 d5 11.h3 f6 12.Rd1 Bf5 13.Nc3 Qd7 14.Bf4 g5 15.Bg3 Rae8
16.Re1 Be6 17.Nb5 Bh6 18.exf6 Rxf6 19.Nc7 g4 20.Nxe8 Qxe8 21.Ne5 Nxd4 22.Qd1 Nxb3
23.axb3 gxh3 24.Rxa7 Qc8 25.Qd4 Bf5 26.Nd3 Be4 27.Nc5 e5 28.Qxe5 Rf5 29.Qd6 Bd2  1-0

[Event "RUS-Cup6"]
[Site "Krasnodar"]
[Date "1997.??.??"]
[Round "8"]
[White "Daniliuk, Sergey"]
[Black "Yakovich, Yuri"]
[Result "0-1"]
[WhiteElo "2410"]
[BlackElo "2575"]

1.e4 c5 2.c3 Nf6 3.e5 Nd5 4.Nf3 e6 5.d4 cxd4 6.cxd4 d6 7.Bc4 Nb6 8.Bd3 Nc6
9.O-O Nb4 10.Bb5+ Bd7 11.Bg5 Be7 12.Bxe7 Qxe7 13.Nc3 O-O 14.Qb3 dxe5 15.dxe5 Rfd8
16.Rfd1 Bc6 17.Bxc6 Nxc6 18.Ne4 Rd5 19.Nc3 Rc5 20.Na4 Nxa4 21.Qxa4 Qc7 22.b4 b5
23.Qa3 Rc4 24.Rac1 Rd8 25.h3 Rxd1+ 26.Rxd1 h6 27.Qa6 Nxe5 28.Qxb5 Nxf3+ 29.gxf3 Qf4
30.Rd7 Rc1+ 31.Kg2 f5 32.Rxg7+ Kxg7 33.Qd7+ Kf6 34.Qd8+ Kg6 35.Qe8+ Kg5 36.h4+ Kxh4  0-1

[Event "SLO-ch"]
[Site "Krsko"]
[Date "1997.??.??"]
[Round "?"]
[White "Mestrovic, Zvonimir"]
[Black "Kragelj, Igor"]
[Result "1/2-1/2"]
[WhiteElo "2430"]
[BlackElo "2285"]

1.e4 c5 2.c3 Nf6 3.e5 Nd5 4.d4 cxd4 5.Nf3 Nc6 6.Bc4 Nb6 7.Bb3 d6 8.exd6 Qxd6
9.O-O Be6 10.Bxe6 Qxe6 11.Nxd4 Nxd4 12.cxd4 Qd7 13.Nc3 e6 14.Re1 Be7 15.Qg4 O-O
16.Bf4 Qxd4 17.Rad1 Qf6 18.Be5 Qg6 19.Qf3 Nc4 20.Qxb7 Nxe5 21.Rxe5 Bf6 22.Re2 Rad8
23.Red2 Rxd2 24.Rxd2 h5 25.Qe4 Qg5 26.Qe2 Rd8 27.Rxd8+ Bxd8 28.g3 h4 29.Kg2 hxg3
30.hxg3 Bb6 31.Qf3 Qd2 32.Qe2 Qg5 33.a4 Qc5 34.Qf3 f5 35.Ne2 g5 36.Nc3 Kg7
37.g4 fxg4 38.Qb7+ Kg6 39.Qe4+ Kg7 40.Qe2 Qf5 41.Ne4 a5 42.Kg1 Qf4 43.Kg2 Qf5
44.b3 Kg6 45.Ng3 Qd5+ 46.Kg1 Qxb3 47.Qe4+ Kf7 48.Qxg4 Qb4 49.Ne4 Bd8 50.Qh5+ Kg7
51.Nxg5 Bxg5 52.Qxg5+ Kf7 53.Qh5+ Ke7 54.Qd1  1/2-1/2

[Event "La Plata"]
[Site "La Plata"]
[Date "1997.??.??"]
[Round "7"]
[White "Braga, Fernando"]
[Black "Sorokin, Maxim"]
[Result "1/2-1/2"]
[WhiteElo "2465"]
[BlackElo "2555"]

1.e4 c5 2.c3 Nf6 3.e5 Nd5 4.d4 cxd4 5.Bc4 Nb6 6.Bb3 d6 7.Nf3 Nc6 8.exd6 Qxd6
9.O-O Be6 10.Bxe6 Qxe6 11.Nxd4 Nxd4 12.Qxd4 Rd8 13.Qf4 g6 14.Nd2 Bg7 15.Nf3 Qc4
16.Re1 Qxf4 17.Bxf4 Nd5 18.Bd2 e6 19.Rad1 Rc8 20.Rc1 b5 21.Kf1 Ke7 22.Bg5+ Kd6
23.Rcd1 Kc6 24.Ne5+ Bxe5 25.Rxe5 Kb7 26.Re4 h6 27.Bd2 Rhd8 28.Ke2 h5 29.Rc1 Rc4
30.f3 Rdc8 31.Kd3 R4c6 32.a4 Rd6 33.Ke2 f5 34.Rh4 Rc4 35.Rxc4 bxc4 36.b4 cxb3
37.c4 Ne7 38.Bb4 Rd7 39.Bxe7 Rxe7 40.Rb1 Kc6 41.Rxb3 Rd7 42.Re3 Rd6 43.Re5 Kd7
44.Ra5 a6 45.f4 Rd4 46.Kf3 Rxc4  1/2-1/2

[Event "La Plata"]
[Site "La Plata"]
[Date "1997.??.??"]
[Round "9"]
[White "Braga, Fernando"]
[Black "Spangenberg, Hugo"]
[Result "1-0"]
[WhiteElo "2465"]
[BlackElo "2565"]

1.e4 c5 2.c3 Nf6 3.e5 Nd5 4.d4 cxd4 5.Nf3 Nc6 6.Bc4 Nb6 7.Bb3 d5 8.exd6 dxc3
9.Nxc3 exd6 10.O-O Be7 11.Ng5 Ne5 12.f4 Bxg5 13.fxe5 O-O 14.Rxf7 Rxf7 15.Bxf7+ Kxf7
16.Qh5+ Kg8 17.Bxg5 Qd7 18.Rd1 h6 19.Rxd6 Qf5 20.Qe8+ Kh7 21.Bxh6 Bd7 22.Qe7 Qg4
23.h3  1-0

[Event "Gran Canaria op"]
[Site "Las Palmas"]
[Date "1997.??.??"]
[Round "?"]
[White "Galvao, Henrique"]
[Black "Villavicencio, Adalberto"]
[Result "0-1"]
[WhiteElo "2250"]
[BlackElo "2310"]

1.e4 c5 2.c3 Nf6 3.e5 Nd5 4.d4 cxd4 5.Qxd4 e6 6.Nf3 Nc6 7.Qe4 f5 8.Qe2 b6
9.c4 Bb4+ 10.Bd2 Nf4 11.Qe3 Ng6 12.Bxb4 Nxb4 13.Qc3 Nc6 14.Na3 a6 15.O-O-O Qc7
16.Bd3 O-O 17.Rhe1 Bb7 18.h4 Rac8 19.h5 Nf4 20.Bc2 Nxh5 21.Qd2 Na5 22.Kb1 Bxf3
23.gxf3 Rf7 24.Rh1 g6 25.Rdg1 Kh8 26.Qh6 Nxc4 27.Nxc4 Qxc4 28.Rxg6 Qxc2+
29.Ka1 f4 30.Rgg1 Rg7 31.a3 Rxg1+ 32.Rxg1 Qf5 33.Ka2 Rg8  0-1

[Event "US-op"]
[Site "Las Vegas"]
[Date "1997.??.??"]
[Round "2"]
[White "Roper, David C"]
[Black "Epishin, Vladimir"]
[Result "1/2-1/2"]
[WhiteElo "2250"]
[BlackElo "2640"]

1.e4 c5 2.c3 Nf6 3.e5 Nd5 4.d4 cxd4 5.Nf3 e6 6.cxd4 b6 7.Nc3 Nxc3 8.bxc3 Qc7
9.Bd2 Bb7 10.Bd3 d6 11.O-O Nd7 12.Re1 dxe5 13.Nxe5 Nxe5 14.Rxe5 Bd6 15.Bb5+ Ke7
16.Rh5 Bf4 17.c4 a6 18.Ba4 Rad8 19.d5 h6 20.Bb3 Bxd2 21.Qxd2 Rhe8 22.Re1 Kf8
23.Rxh6 gxh6 24.Qxh6+ Ke7 25.dxe6 Qc5 26.exf7+ Kxf7 27.Qh7+ Kf6 28.Qh6+ Kf7
29.Qh7+ Kf8 30.Qh8+ Kf7 31.Qh7+ Kf6  1/2-1/2

[Event "US-op"]
[Site "Las Vegas"]
[Date "1997.??.??"]
[Round "3"]
[White "Stubenrauch, S."]
[Black "Saidy, Anthony Fred"]
[Result "0-1"]
[WhiteElo "2165"]
[BlackElo "2445"]

1.e4 c5 2.c3 Nf6 3.e5 Nd5 4.d4 cxd4 5.cxd4 d6 6.Nf3 Nc6 7.exd6 Qxd6 8.Nc3 Bg4
9.Be2 e6 10.O-O Be7 11.h3 Bh5 12.Nb5 Qb8 13.Ne5 Bxe2 14.Qxe2 Nxe5 15.dxe5 O-O
16.Bd2 Rd8 17.a3 a6 18.Nc3 Bc5 19.Nxd5 Rxd5 20.Bc3 Qa7 21.Rad1 Rad8 22.Rxd5 Rxd5
23.b4 Bb6 24.Qc4 h6 25.Kh2 Qb8 26.f4 Qd8 27.f5 Qc7 28.Qxc7 Bxc7 29.fxe6 fxe6
30.Re1 Rd3 31.Bb2 Rb3 32.Rc1 Bb6 33.Rc2 Kf7 34.Re2 Be3 35.g3 Kg6 36.Kg2 Kf5
37.Kf1 Ke4 38.Kg2 Kd3 39.Kf1 Bd2 40.Bd4  0-1

[Event "Leeuwarden op"]
[Site "Leeuwarden"]
[Date "1997.??.??"]
[Round "2"]
[White "Jonkman, Harmen"]
[Black "Van den Doel, Erik"]
[Result "0-1"]
[WhiteElo "2365"]
[BlackElo "2440"]

1.e4 c5 2.c3 Nf6 3.e5 Nd5 4.Nf3 Nc6 5.d4 cxd4 6.cxd4 d6 7.Bc4 Nb6 8.Bb3 dxe5
9.d5 Na5 10.Nc3 Nxb3 11.Qxb3 e6 12.Nxe5 exd5 13.Be3 Bd6 14.Qb5+ Kf8 15.f4 Be6
16.O-O Kg8 17.Rad1 h6 18.a4 Bxe5 19.fxe5 Qc7 20.Bd4 Qc6 21.Bxb6 Qxb6+ 22.Qxb6 axb6
23.Rf4 Kh7 24.Rb4 Rhd8 25.Rdd4 Ra6 26.Kf2 Kg6 27.Rf4 Rc8 28.Ke3 Rc6 29.Rb5 Ra5
30.Rfb4 Kf5 31.Kd4 Rxb5 32.Nxb5 Rc2 33.Nd6+ Kg6 34.g3 Rxh2 35.Rxb6 h5 36.a5 Rd2+
37.Ke3 Rd1 38.Rxb7 d4+ 39.Kf2 Ra1 40.b4 Ra2+ 41.Ke1 d3 42.Ne4 Re2+ 43.Kd1 Rxe4
44.Kd2 Bf5 45.Rb6+ Kg5 46.b5 Re2+ 47.Kc3 Rc2+ 48.Kb3 Be6+ 49.Ka3 d2 50.Rd6 Ra2+
51.Kb4 Bg4 52.Kb3 Rxa5 53.Rxd2 Rxb5+ 54.Kc4 Rxe5 55.Kd4 Re8  0-1

[Event "VfB op 4th"]
[Site "Leipzig"]
[Date "1997.??.??"]
[Round "8"]
[White "Voigt, Ulrich"]
[Black "Mach, Holger"]
[Result "1/2-1/2"]
[WhiteElo "2210"]
[BlackElo "2280"]

1.e4 c5 2.c3 Nf6 3.e5 Nd5 4.d4 cxd4 5.cxd4 d6 6.Nf3 Nc6 7.exd6 Qxd6 8.Nc3 g6
9.Qb3 Nxc3 10.bxc3 Bg7 11.Be2 O-O 12.O-O Qc7 13.Be3 Na5 14.Qb4 Bg4 15.Rab1 Rac8
16.c4 Nc6 17.Qxb7 Bxf3 18.Bxf3 Nxd4 19.Bg4 Qxb7 20.Rxb7 Rxc4 21.Rxe7 Ra4
22.Rd7 Nc2  1/2-1/2

[Event "Lichtenstein op"]
[Site "Lichtenstein"]
[Date "1997.??.??"]
[Round "5"]
[White "Schmitz, Andreas"]
[Black "Frick, Renato"]
[Result "0-1"]
[WhiteElo "2100"]
[BlackElo "2160"]

1.e4 c5 2.c3 Nf6 3.e5 Nd5 4.d4 cxd4 5.cxd4 e6 6.Nf3 b6 7.Nc3 Nxc3 8.bxc3 Qc7
9.Bd2 Bb7 10.Bd3 d6 11.O-O Nd7 12.exd6 Bxd6 13.h3 Bf4 14.Bxf4 Qxf4 15.Qd2 Qd6
16.Ng5 Nf6 17.f3 Rc8 18.Rac1 O-O 19.Ne4 Qd8 20.Nxf6+ Qxf6 21.Be4 Ba6 22.Rfe1 Rfd8
23.Bd3 Bb7 24.Bb1 Rc7 25.f4 Rdc8 26.Re4 g6 27.Kh2 Bd5 28.Bd3 Bxa2 29.Ba6 Rd8
30.c4 Rcd7 31.Rce1 Bb3 32.f5 Rxd4 33.Qb4 Rd3 34.fxe6 Qf4+ 35.Kg1 fxe6 36.Rxe6 Rf8
37.Qxf8+ Qxf8 38.Re8 Rd1 39.Rxf8+ Kxf8 40.Rxd1 Bxd1 41.Kf2 Ke7 42.Ke3 Kd6
43.Kd4 Bc2 44.h4 h6 45.g3 Bf5 46.Bb5 Bd7 47.Ba6 g5 48.Ke4 gxh4 49.gxh4 Kc5
50.Ke5 Bg4 51.Kf6 Be2 52.Kg6 h5 53.Kg5 Bxc4 54.Bxc4 Kxc4 55.Kxh5 a5  0-1

[Event "Linz op"]
[Site "Linz"]
[Date "1997.??.??"]
[Round "7"]
[White "Kranzl, Peter"]
[Black "Rigo, Janos"]
[Result "1-0"]
[WhiteElo "2205"]
[BlackElo "2325"]

1.e4 c5 2.c3 Nf6 3.e5 Nd5 4.d4 cxd4 5.Qxd4 e6 6.Nf3 Nc6 7.Qe4 f5 8.Qe2 Qc7
9.g3 g6 10.c4 Bb4+ 11.Nbd2 Nb6 12.a3 Bf8 13.b3 g5 14.Nxg5 Qxe5 15.Qxe5 Nxe5
16.f4 Ng4 17.Bb2 Rg8 18.Nxh7 Be7 19.Nf3 d6 20.Bd3 Bd7 21.h3 Bc6 22.Ke2 Nh6
23.Rhg1 Nd7 24.Nd4 Kf7 25.h4 e5 26.Nxf5 Nxf5 27.Bxf5 exf4 28.gxf4 Bxh4 29.Ng5+ Bxg5
30.fxg5 Rge8+ 31.Kd2 Ne5 32.Bxe5 Rxe5 33.Raf1 Kg7 34.Bd3 Rd8 35.Re1 Rde8
36.Rxe5 dxe5 37.Ke3 Rh8 38.Rg3 Rh4 39.Bf5 a5 40.Be6 Re4+ 41.Kd3 Re1 42.Bd5 a4
43.bxa4 Bxa4 44.Re3 Bc2+ 45.Kd2 Rxe3 46.Kxe3 b6 47.Be4 Bb3 48.Kd3 Bd1 49.c5 bxc5
50.Kc4 Kf7 51.Bf5 Bf3 52.Kxc5 Ke7 53.a4 Kf7 54.a5 Bb7 55.Kb5 Bh1 56.Kc5 Bb7
57.Kc4 Kg7 58.Kd3 Kf7 59.Be4 Ba6+ 60.Ke3 Kg7 61.Kd2 Kf7 62.Kc3 Ke6 63.Kb4 Kd6
64.g6 Ke7 65.Kc5  1-0

[Event "Lippstadt"]
[Site "Lippstadt"]
[Date "1997.??.??"]
[Round "8"]
[White "Slobodjan, Roman"]
[Black "Hansen, Sune Berg"]
[Result "1-0"]
[WhiteElo "2550"]
[BlackElo "2490"]

1.e4 c5 2.c3 Nf6 3.e5 Nd5 4.g3 d6 5.exd6 e6 6.Bg2 Bxd6 7.Nf3 Nc6 8.d4 O-O
9.O-O cxd4 10.Nxd4 Bd7 11.Ne2 Qe7 12.Nd2 Rad8 13.Nc4 Bb8 14.Re1 Bc8 15.Qc2 Rfe8
16.Ne3 Nf6 17.b3 Qc5 18.Bb2 h5 19.Nd4 Ne5 20.Rad1 h4 21.Qe2 hxg3 22.hxg3 a6
23.c4 Bc7 24.a3 Ng6 25.b4 Qg5 26.Nf3 Qh5 27.Rxd8 Bxd8 28.Nh2 Qg5 29.Nhg4 Nh5
30.f4 Ngxf4 31.gxf4 Nxf4 32.Qf3 e5 33.Nf2 f5 34.Nd5 Nxg2 35.Qxg2 Qd2 36.Bc3 Qh6
37.Rxe5 Qc1+ 38.Kh2 Rf8 39.Re3 g5 40.Qh3  1-0

[Event "Lilie op"]
[Site "Litomysl"]
[Date "1997.??.??"]
[Round "5"]
[White "Kalod, Radek"]
[Black "Stocek, Jiri"]
[Result "0-1"]
[WhiteElo "2430"]
[BlackElo "2470"]

1.e4 c5 2.c3 Nf6 3.e5 Nd5 4.d4 cxd4 5.Nf3 d6 6.Bc4 Nb6 7.Bb3 dxe5 8.Nxe5 e6
9.cxd4 Nc6 10.Nxc6 bxc6 11.O-O Be7 12.Bf4 O-O 13.Nc3 Ba6 14.Re1 Rc8 15.Be5 Nd7
16.Bf4 Nf6 17.Qd2 c5 18.d5 c4 19.d6 cxb3 20.axb3 Rc6 21.Red1 Re8 22.b4 Bf8
23.b5 Rxc3 24.bxc3 Bxb5 25.Qd4 Nd7 26.c4 Bc6 27.Qxa7 e5 28.Bg3 f5 29.f4 exf4
30.Bxf4 Re2 31.Ra2 Qe8 32.Rf1 g5 33.Bg3 f4 34.Rxe2 Qxe2 35.Qf2 Qxc4 36.Qd2 Ne5
37.Be1 Bb5 38.Rf2 Qe4 39.Qb4 Bc4 40.Bd2 Bxd6 41.Qb6 Bc5 42.Qd8+ Kf7 43.Qc7+ Kg6  0-1

[Event "SLO-chT"]
[Site "Ljubljana"]
[Date "1997.??.??"]
[Round "?"]
[White "Ankerst, Mihael"]
[Black "Grosar, Aljosa"]
[Result "0-1"]
[WhiteElo "2350"]
[BlackElo "2455"]

1.e4 c5 2.c3 Nf6 3.d3 d5 4.e5 Nfd7 5.f4 Nc6 6.g3 e6 7.Ne2 f5 8.exf6 Nxf6
9.Bg2 Bd6 10.Nd2 O-O 11.O-O Bd7 12.Nf3 Qb6 13.h3 Rae8 14.c4 e5 15.Kh2 dxc4
16.dxc4 e4 17.Ne1 Nd4 18.Be3 Ng4+ 19.hxg4 Bxg4 20.Bxd4 cxd4 21.Qxd4 Bc5 22.Qd5+ Kh8
23.Bh3 Bxe2 24.Rh1 Bf2 25.Ng2 Qxb2 26.Rab1 Qc3 27.Qg5 h6 28.Qh4 Rf6 29.Rxb7 Rg6
30.Rb3 Bxg3+ 31.Qxg3 Rxg3  0-1

[Event "SLO-chT"]
[Site "Ljubljana"]
[Date "1997.??.??"]
[Round "?"]
[White "Markun, Bostjan"]
[Black "Jeric, Simon"]
[Result "1-0"]
[WhiteElo "2290"]
[BlackElo "2365"]

1.e4 c5 2.c3 Nf6 3.e5 Nd5 4.d4 cxd4 5.Nf3 Nc6 6.Bc4 e6 7.cxd4 d6 8.O-O Be7
9.Qe2 O-O 10.Nc3 dxe5 11.dxe5 Nxc3 12.bxc3 Qa5 13.Qe4 Qa4 14.Bg5 Rd8 15.Bxe7 Nxe7
16.Ng5 Bd7 17.Qxh7+ Kf8 18.Qh8+ Ng8 19.Nh7+ Ke7 20.Qxg7 Bc6 21.Ng5 Rf8 22.Bxe6 Qf4
23.g3 Qa4 24.Bxf7  1-0

[Event "SLO-chT"]
[Site "Ljubljana"]
[Date "1997.??.??"]
[Round "?"]
[White "Maslesa, Branko"]
[Black "Krumpacnik, Domen"]
[Result "0-1"]
[WhiteElo "2265"]
[BlackElo "2355"]

1.e4 c5 2.c3 Nf6 3.e5 Nd5 4.d4 cxd4 5.Nf3 e6 6.cxd4 b6 7.Nc3 Nxc3 8.bxc3 Qc7
9.Bb2 Ba3 10.Qb3 Bxb2 11.Qxb2 O-O 12.Rc1 d6 13.Bd3 Bb7 14.Qe2 Nd7 15.Bxh7+ Kxh7
16.Ng5+ Kg6 17.Qg4 f5 18.Qg3 Qc6 19.Nxe6+ Kf7 20.Nxf8 Rxf8 21.f4 Qxg2 22.Rg1 Qxg3+
23.hxg3 Rh8 24.Rc2 Be4 25.Rf2 b5 26.exd6 Nf6 27.Rb2 Bc6 28.a4 a6 29.axb5 Bxb5
30.Rb4 Re8+ 31.Kd2 Ne4+ 32.Kc2 Rc8 33.g4 Nxc3 34.Kb3 Nd5 35.gxf5 Nxb4 36.Kxb4 Rc4+
37.Ka5 Rxd4 38.Rg6 Rxf4 39.d7 Rd4  0-1

[Event "SLO-chT"]
[Site "Ljubljana"]
[Date "1997.??.??"]
[Round "?"]
[White "Pavasovic, Dusko"]
[Black "Jeric, Simon"]
[Result "1/2-1/2"]
[WhiteElo "2495"]
[BlackElo "2365"]

1.e4 c5 2.c3 Nf6 3.e5 Nd5 4.Nf3 Nc6 5.d4 cxd4 6.cxd4 d6 7.Bc4 e6 8.O-O Be7
9.Qe2 O-O 10.Qe4 Qc7 11.Bd3 f5 12.exf6 Nxf6 13.Qe2 d5 14.Nc3 a6 15.h3 Bd6
16.Be3 Bd7 17.Rad1 Rae8 18.Bb1 Re7 19.Rfe1 Be8 20.g4 Bf4 21.Kg2 Bd7 22.a3 Ne8
23.Qd3 g6 24.Ng5 Rg7 25.Ne2 Bxe3 26.Qxe3 Qd6 27.b4 Nc7 28.f4 a5 29.bxa5 Nxa5
30.Nf3 Nc4 31.Qc1 Qxa3 32.Qxa3 Nxa3 33.Bd3 Nc4 34.Rb1 Bc6 35.Kg3 Re7 36.h4 Ra8
37.Ra1 Ree8 38.h5 gxh5 39.g5 Rxa1 40.Rxa1 Ra8 41.Rxa8+ Nxa8 42.f5 exf5 43.Nf4 Nc7
44.Nxh5 Nd6 45.Kf4 Kf7 46.Nf6 h6 47.Ke5 Ne4 48.Kxf5 Nxg5 49.Ne5+ Ke7 50.Ng8+ Kd6
51.Nxh6 Nge6 52.Nef7+ Ke7 53.Ke5 Nf8 54.Ng5 Nd7+ 55.Kf5 Bb5 56.Ng8+ Kd6 57.Nf7+ Kc6
58.Ne7+ Kb6 59.Bxb5 Nxb5  1/2-1/2